000
00322nam a22001217a 4500
008
181129b xxu||||| |||| 00| 0 eng d
041
_a
eng
080
_a
043.3
100
_a
0
101
_a
BTH-SHKI
245
_a
Intelegjenca artificiale dhe algoritment e saja ne problemet e optimizimit
_c
Retkoceri, G
942
_2
udc
_c
BK
999
_c
52632
_d
52632